header

Library Web sites (Record no. 220522)

MARC details
000 -LEADER
fixed length control field 01637nam a2200325 a 4500
082 04 - DEWEY DECIMAL CLASSIFICATION NUMBER
Classification number 025.04
100 1# - MAIN ENTRY--AUTHOR NAME
Personal name Wilson, A. Paula.
245 10 - TITLE STATEMENT
Title Library Web sites
260 ## - PUBLICATION, DISTRIBUTION, ETC. (IMPRINT)
Place of publication Chicago :
Name of publisher American Library Association,
Year of publication 2004.
300 ## - PHYSICAL DESCRIPTION
Number of Pages xiv, 146 p. :
Other physical details ill.
505 0# - FORMATTED CONTENTS NOTE
Formatted contents note Planning your Web site -- Information architecture -- Internet marketing: promoting the library -- Digital reference collections and services -- Library catalogs and portals -- Licensed databases and electronic books -- Reader services -- Content for specific audiences -- Library websites: where do we go from here?
650 #0 - SUBJECT ADDED ENTRY--TOPICAL TERM
Topical Term Library Web sites.
Topical Term Libraries
Topical Term Electronic reference services (Libraries)
Topical Term Digital libraries.
856 40 - ELECTRONIC LOCATION AND ACCESS
Uniform Resource Identifier http://site.ebrary.com/lib/rucke/Doc?id=10194700

No items available.

© 2026 Rongo University
Contact us: librarian | system librarian | Rongo university